Business accounting

Saved in:
Bibliographic Details
Main Author: Wood, Frank
Format: Book
Language:Undetermined
Published: New York Prentice Hall 2005
Subjects:
Tags: Add Tag
No Tags, Be the first to tag this record!
Institutions: Trung tâm Học liệu Trường Đại học Cần Thơ
LEADER 00479nam a2200193Ia 4500
001 CTU_88960
008 210402s9999 xx 000 0 und d
020 |c 672000 
082 |a 657 
082 |b W875 
100 |a Wood, Frank 
245 0 |a Business accounting 
245 0 |c Frank Wood, Alan Sangster 
260 |a New York 
260 |b Prentice Hall 
260 |c 2005 
650 |a Accounting 
904 |i Năm 
980 |a Trung tâm Học liệu Trường Đại học Cần Thơ